Transformers (Record no. 9325)
[ view plain ]
| 000 -LEADER | |
|---|---|
| fixed length control field | 00190nam a2200097 4500 |
| 082 ## - DEWEY DECIMAL CLASSIFICATION NUMBER | |
| Classification number | BHE |
| 100 ## - MAIN ENTRY--AUTHOR NAME | |
| Personal name | Bhel |
| 245 ## - TITLE STATEMENT | |
| Title | Transformers |
| 260 ## - PUBLICATION, DISTRIBUTION, ETC. (IMPRINT) | |
| Place of publication | New Delhi: |
| Name of publisher | McGraw-Hill, |
| Year of publication | 1995. |
| 942 ## - ADDED ENTRY ELEMENTS (KOHA) | |
| Koha item type | Books |
| Withdrawn status | Lost status | Home library | Current library | Date acquired | Cost, normal purchase price | Full call number | Accession Number | Koha item type |
|---|---|---|---|---|---|---|---|---|
| Central Library, QUEST, Nawabshah | Central Library, QUEST, Nawabshah | 01/09/2014 | 400.00 | BHE | 18842 | Books | ||
| Central Library, QUEST, Nawabshah | Central Library, QUEST, Nawabshah | 18/09/2014 | 600.00 | BHE | 15791 | Books |